Sistemas y Análisis de la Información Geográfica : Manual de autoaprendizaje con ArcGIS
| Main Author: | |
|---|---|
| Format: | Section = Libro |
| Language: | Undetermined Spanish |
| Published: |
Nicaragua
Hispamer
2014
|
| Subjects: |
| LEADER | 00649nam a2200217Ia 4500 | ||
|---|---|---|---|
| 008 | 240830s9999 xx 000 0 und d | ||
| 020 | |a 978-99924-32-02-06 | ||
| 040 | |a B-ESTELÍ- RUACS / 004 M843 | ||
| 041 | |a spa | ||
| 082 | |a 004 M843 | ||
| 100 | 1 | |a Serrano Caldera, Alejandro | |
| 245 | 1 | 0 | |a Sistemas y Análisis de la Información Geográfica : Manual de autoaprendizaje con ArcGIS |
| 260 | |a Nicaragua |b Hispamer |c 2014 | ||
| 300 | |a 632 p. | ||
| 650 | 7 | |a FILOSOFIA MODERNA | |
| 650 | 7 | |b COLECCIONES DE ESCRITOS | |
| 650 | 7 | |c PENSAMIENTO CRITICO | |
| 650 | 7 | |d INTELECTUALES NICARAGUENSES. | |
| 942 | |c BK |2 ddc | ||
| 991 | |a TEXTO | ||
| 999 | |c 10530 | ||